00817cam a2200241 i 4500001001300000003000400013005001700017008004100034010001700075040001800092041001300110050002000123100001700143240003100160245011800191260012300309300002100432500001200453500001600465700004000481740003700521999001700558sa 67001241 DLC20260227112321.0840912s1940 ii 000 0 kano  asa 67001241  aDLCcDLCdDLC1 akanhsan00aPK3798.S91bM760 aŚūdraka.10aMr̥cchakaṭika.lKannada10aKarnāṭaka Mr̥cchakaṭika prakaraṇaṃ /cNañjanagūḍu Subbaśāstrigaḷavarinda viracitavādudu. aMaisūru :bGaurnameṇṭ Brānc Pres Asisṭeṇṭ Sūpariṇṭiṇḍeṇṭarinda mudrisalpaṭṭitu,c1940. a135 p. ;c22 cm. aA play. aIn Kannada.1 aSubbaśāstri, Nañjanagūḍu.0 aMr̥cchakaṭika prakaraṇaṃ. c72484d72484